000 01056nam a22002057a 4500
999 _c63475
_d63475
003 Ge_BSU
005 20251016194213.0
008 251016s2006 ge ||||| |||| 00| 0 geo d
020 _a999280900X
041 _ageo
080 _a336.02](479.22) ა-27
100 _aაბუსელიძე, გიორგი
_93844
245 _aსაქართველოს ბიუჯეტური სისტემის ფორმირებისა და ფუნქციონირების თავისებურებები გარდამავალ პერიოდში :
_cგ. აბუსელიძე; მეცნ.-რედ. შ. ქისტაური.
264 _aთბ.,
_c2005.
300 _a176 გვ.
_b20 სმ.
504 _aბიბლიოგრ. გვ.163-174
653 _aსაქართველოს ბიუჯეტური სისტემა
700 _aქისტაური, შ.
_eმეცნ.-რედაქტორი
_926041
942 _2udc
_cᲬᲘᲒᲜᲘ